000 00657cam a2200193 a 4500
001 2598736
005 20250716101618.0
008 970715s1998 miua b 000 0 eng
020 _a0802844448
_qalk. paper
020 _a9780802844446
_q(alk. paper)
050 0 0 _aBS2555.2
_b.G626 1998
082 0 0 _a226/.066
_221
245 0 4 _aThe Gospels for all Christians :
_brethinking the Gospel audiences /
_cedited by Richard Bauckham.
260 _aGrand Rapids, Mich. :
_bW.B. Eerdmans,
_cc1998.
300 _avi, 220 p. :
_bill. ;
_c23 cm.
650 0 _aChristian sociology
_xHistory
_yEarly church, ca. 30-600
700 1 _aBauckham, Richard.
942 _2lcc
_cBK
_n0
999 _c6993
_d6993